[Event "Deutsche Ländermeisterschaft 2019"]
[Site "Würzburg GER"]
[Date "2019.10.05"]
[Round "6"]
[White "Hänselmann, Hendrik"]
[Black "Arnhold, Steffi"]
[Result "1/2-1/2"]
[Termination "normal"]
[Board "4.5"]
[WhiteElo "1732"]
[BlackElo "2048"]
[WhiteClock "00:36:03"]
[BlackClock "00:04:12"]
[WhiteTeam "Baden 1"]
[BlackTeam "Sachsen"]
[PlyCount "66"]
[WhiteFideId "16232755"]
[BlackFideId "12931365"]
[EventCountry "GER"]
[EventRounds "7"]
[EventType "team-swiss"]
[EventDate "2019.10.01"]

1. e4 {[%clk 1:30:58]} c5 {[%clk 1:30:52]} 2. Nf3 {[%clk 1:31:24]} Nc6 {[%clk
1:31:14]} 3. d4 {[%clk 1:31:50]} cxd4 {[%clk 1:31:33]} 4. Nxd4 {[%clk 1:32:14]}
g6 {[%clk 1:31:51]} 5. Be2 {[%clk 1:32:27]} Bg7 {[%clk 1:31:46]} 6. Nb3 {[%clk
1:32:50]} Nf6 {[%clk 1:31:14]} 7. Nc3 {[%clk 1:33:10]} d6 {[%clk 1:28:10]} 8.
O-O {[%clk 1:30:36]} O-O {[%clk 1:28:29]} 9. Bg5 {[%clk 1:30:59]} Be6 {[%clk
1:23:09]} 10. Re1 {[%clk 1:30:40]} Rc8 {[%clk 1:06:56]} 11. Bf1 {[%clk
1:29:27]} a6 {[%clk 0:58:48]} 12. Nd5 {[%clk 1:25:52]} Ne5 {[%clk 0:49:44]} 13.
Bxf6 {[%clk 1:23:45]} exf6 {[%clk 0:48:44]} 14. c3 {[%clk 1:22:59]} Nc4 {[%clk
0:37:30]} 15. Bxc4 {[%clk 1:22:54]} Rxc4 {[%clk 0:37:49]} 16. Qd3 {[%clk
1:22:57]} b5 {[%clk 0:36:11]} 17. Rad1 {[%clk 1:20:30]} f5 {[%clk 0:31:21]} 18.
exf5 {[%clk 1:18:33]} Bxf5 {[%clk 0:31:43]} 19. Qg3 {[%clk 1:13:16]} Re4 {[%clk
0:23:50]} 20. Nd2 {[%clk 0:54:16]} Re6 {[%clk 0:20:02]} 21. Nf3 {[%clk
0:50:21]} Rfe8 {[%clk 0:18:01]} 22. Rxe6 {[%clk 0:49:48]} Rxe6 {[%clk 0:16:57]}
23. Ng5 {[%clk 0:46:43]} Re2 {[%clk 0:14:08]} 24. Ne3 {[%clk 0:45:53]} Qe7
{[%clk 0:10:43]} 25. Qf3 {[%clk 0:42:43]} Rxb2 {[%clk 0:07:18]} 26. Nxf5 {[%clk
0:42:25]} gxf5 {[%clk 0:07:40]} 27. Qxf5 {[%clk 0:42:25]} h6 {[%clk 0:06:41]}
28. Ne4 {[%clk 0:39:17]} Re2 {[%clk 0:04:24]} 29. f3 {[%clk 0:38:28]} Qa7+
{[%clk 0:03:11]} 30. Kh1 {[%clk 0:36:22]} Qe3 {[%clk 0:03:13]} 31. Qc8+ {[%clk
0:35:44]} Kh7 {[%clk 0:03:36]} 32. Qf5+ {[%clk 0:35:52]} Kg8 {[%clk 0:04:00]}
33. Qc8+ {[%clk 0:36:03]} Kh7 {[%clk 0:04:12]} 1/2-1/2

[Event "Deutsche Ländermeisterschaft 2019"]
[Site "Würzburg GER"]
[Date "2019.10.05"]
[Round "6"]
[White "Peglau, Charis"]
[Black "Wang, Xinyuan"]
[Result "1-0"]
[Termination "normal"]
[Board "4.6"]
[WhiteElo "1827"]
[BlackElo "1674"]
[WhiteClock "00:47:44"]
[BlackClock "00:26:32"]
[WhiteTeam "Sachsen"]
[BlackTeam "Baden 1"]
[PlyCount "137"]
[WhiteFideId "16219996"]
[BlackFideId "16221494"]
[EventCountry "GER"]
[EventRounds "7"]
[EventType "team-swiss"]
[EventDate "2019.10.01"]

1. e4 {[%clk 1:30:58]} c5 {[%clk 1:30:55]} 2. Nf3 {[%clk 1:31:22]} a6 {[%clk
1:31:21]} 3. c3 {[%clk 1:31:33]} e6 {[%clk 1:31:44]} 4. d4 {[%clk 1:31:36]} d5
{[%clk 1:32:05]} 5. e5 {[%clk 1:31:45]} Bd7 {[%clk 1:32:16]} 6. Bd3 {[%clk
1:31:45]} Nc6 {[%clk 1:32:22]} 7. a3 {[%clk 1:31:54]} Be7 {[%clk 1:32:16]} 8.
O-O {[%clk 1:31:52]} g5 {[%clk 1:30:43]} 9. Bc2 {[%clk 1:24:16]} Rc8 {[%clk
1:23:17]} 10. Be3 {[%clk 1:22:09]} h5 {[%clk 1:17:58]} 11. Ne1 {[%clk 1:20:27]}
cxd4 {[%clk 0:59:29]} 12. cxd4 {[%clk 1:19:33]} Na5 {[%clk 0:55:40]} 13. Nc3
{[%clk 1:19:07]} Nc4 {[%clk 0:52:54]} 14. Nd3 {[%clk 1:16:08]} Nxb2 {[%clk
0:49:08]} 15. Nxb2 {[%clk 1:10:13]} Rxc3 {[%clk 0:48:02]} 16. Qd2 {[%clk
1:07:09]} Qc8 {[%clk 0:38:13]} 17. Ba4 {[%clk 0:59:22]} b5 {[%clk 0:32:20]} 18.
Bd1 {[%clk 0:59:29]} g4 {[%clk 0:25:29]} 19. f3 {[%clk 0:48:53]} Bxa3 {[%clk
0:23:12]} 20. Nd3 {[%clk 0:47:27]} b4 {[%clk 0:18:06]} 21. Nc5 {[%clk 0:46:31]}
Bb5 {[%clk 0:17:05]} 22. Be2 {[%clk 0:45:55]} Qc6 {[%clk 0:15:37]} 23. Bxb5
{[%clk 0:45:25]} Qxb5 {[%clk 0:15:30]} 24. fxg4 {[%clk 0:45:27]} hxg4 {[%clk
0:13:33]} 25. Qf2 {[%clk 0:44:40]} Rh7 {[%clk 0:13:49]} 26. Nxe6 {[%clk
0:43:59]} fxe6 {[%clk 0:11:22]} 27. Qf8+ {[%clk 0:43:39]} Kd7 {[%clk 0:11:48]}
28. Qxg8 {[%clk 0:43:20]} Re7 {[%clk 0:11:18]} 29. Bg5 {[%clk 0:42:51]} Re8
{[%clk 0:10:49]} 30. Qf7+ {[%clk 0:41:04]} Kc8 {[%clk 0:11:08]} 31. Qa7 {[%clk
0:34:46]} Qb7 {[%clk 0:08:25]} 32. Rf7 {[%clk 0:33:18]} Qxa7 {[%clk 0:06:03]}
33. Rxa7 {[%clk 0:33:41]} Rc6 {[%clk 0:06:23]} 34. Ra8+ {[%clk 0:32:52]} Kd7
{[%clk 0:06:09]} 35. Ra7+ {[%clk 0:33:14]} Kc8 {[%clk 0:06:31]} 36. Ra8+ {[%clk
0:33:38]} Kd7 {[%clk 0:06:56]} 37. Ra7+ {[%clk 0:34:03]} Rc7 {[%clk 0:00:39]}
38. Rxa6 {[%clk 0:34:27]} Rb7 {[%clk 0:00:46]} 39. Rb1 {[%clk 0:33:53]} Kc7
{[%clk 0:00:52]} 40. Bd2 {[%clk 0:31:30]} Kb8 {[%clk 0:00:32]} 41. Kf2 {[%clk
0:29:39]} Ra7 {[%clk 0:29:37]} 42. Rxa7 {[%clk 0:59:42]} Kxa7 {[%clk 0:29:58]}
43. Bxb4 {[%clk 0:55:32]} Rb8 {[%clk 0:29:35]} 44. Ra1 {[%clk 0:55:42]} Rxb4
{[%clk 0:29:54]} 45. Rxa3+ {[%clk 0:56:09]} Kb6 {[%clk 0:30:17]} 46. Rd3 {[%clk
0:53:48]} Rb2+ {[%clk 0:29:59]} 47. Kg3 {[%clk 0:53:49]} Kb5 {[%clk 0:30:24]}
48. h4 {[%clk 0:52:32]} gxh3 {[%clk 0:30:31]} 49. gxh3 {[%clk 0:51:50]} Kc4
{[%clk 0:29:24]} 50. Rd1 {[%clk 0:50:36]} Rb3+ {[%clk 0:28:57]} 51. Kg4 {[%clk
0:49:17]} Rd3 {[%clk 0:29:02]} 52. Rxd3 {[%clk 0:47:58]} Kxd3 {[%clk 0:29:26]}
53. h4 {[%clk 0:48:13]} Kxd4 {[%clk 0:29:52]} 54. Kf4 {[%clk 0:48:36]} Kc3
{[%clk 0:30:11]} 55. h5 {[%clk 0:49:01]} d4 {[%clk 0:30:26]} 56. h6 {[%clk
0:49:23]} d3 {[%clk 0:30:52]} 57. h7 {[%clk 0:49:50]} d2 {[%clk 0:31:07]} 58.
h8=Q {[%clk 0:50:13]} d1=Q {[%clk 0:31:25]} 59. Qc8+ {[%clk 0:50:30]} Kb2
{[%clk 0:30:45]} 60. Qxe6 {[%clk 0:50:20]} Qf1+ {[%clk 0:30:32]} 61. Kg5 {[%clk
0:50:11]} Qc1+ {[%clk 0:27:02]} 62. Kf6 {[%clk 0:50:00]} Qh6+ {[%clk 0:26:39]}
63. Ke7 {[%clk 0:49:52]} Qh7+ {[%clk 0:26:52]} 64. Kd6 {[%clk 0:48:51]} Qd3+
{[%clk 0:26:59]} 65. Qd5 {[%clk 0:48:49]} Qa6+ {[%clk 0:27:10]} 66. Qc6 {[%clk
0:48:35]} Qd3+ {[%clk 0:27:06]} 67. Kc7 {[%clk 0:47:55]} Qh7+ {[%clk 0:27:27]}
68. Kb6 {[%clk 0:47:46]} Qd3 {[%clk 0:26:32]} 69. Qb5+ {[%clk 0:47:44]} 1-0

[Event "Deutsche Ländermeisterschaft 2019"]
[Site "Würzburg GER"]
[Date "2019.10.05"]
[Round "6"]
[White "Degenhard, Simon"]
[Black "Polster, Christian"]
[Result "1/2-1/2"]
[Termination "normal"]
[Board "5.1"]
[WhiteTitle "FM"]
[BlackTitle "FM"]
[WhiteElo "2201"]
[BlackElo "2279"]
[WhiteClock "00:09:24"]
[BlackClock "00:00:35"]
[WhiteTeam "Württemberg"]
[BlackTeam "Niedersachsen"]
[PlyCount "57"]
[WhiteFideId "12944017"]
[BlackFideId "12965081"]
[EventCountry "GER"]
[EventRounds "7"]
[EventType "team-swiss"]
[EventDate "2019.10.01"]

1. e4 {[%clk 1:30:57]} c6 {[%clk 1:30:45]} 2. Nc3 {[%clk 1:29:59]} d5 {[%clk
1:28:49]} 3. d4 {[%clk 1:29:04]} dxe4 {[%clk 1:28:01]} 4. Nxe4 {[%clk 1:29:25]}
Bf5 {[%clk 1:22:54]} 5. Ng3 {[%clk 1:29:40]} Bg6 {[%clk 1:23:20]} 6. Nf3 {[%clk
1:29:49]} Nd7 {[%clk 1:23:25]} 7. h4 {[%clk 1:30:07]} h6 {[%clk 1:23:51]} 8. h5
{[%clk 1:30:09]} Bh7 {[%clk 1:24:12]} 9. Bd3 {[%clk 1:30:26]} Bxd3 {[%clk
1:24:35]} 10. Qxd3 {[%clk 1:30:49]} e6 {[%clk 1:24:37]} 11. Bf4 {[%clk
1:29:57]} Qa5+ {[%clk 1:16:24]} 12. Bd2 {[%clk 1:29:48]} Qb6 {[%clk 1:16:23]}
13. O-O-O {[%clk 1:27:00]} Ngf6 {[%clk 1:15:14]} 14. c4 {[%clk 1:18:27]} Qa6
{[%clk 0:59:01]} 15. Kb1 {[%clk 1:17:02]} Bd6 {[%clk 0:51:16]} 16. Rh4 {[%clk
1:04:49]} O-O {[%clk 0:42:21]} 17. Bc3 {[%clk 0:58:28]} Rfd8 {[%clk 0:32:26]}
18. Ne5 {[%clk 0:52:07]} c5 {[%clk 0:26:48]} 19. Nxd7 {[%clk 0:43:30]} Rxd7
{[%clk 0:25:21]} 20. b3 {[%clk 0:23:06]} Rad8 {[%clk 0:22:58]} 21. Qe3 {[%clk
0:18:24]} Be7 {[%clk 0:18:23]} 22. Rf4 {[%clk 0:17:54]} e5 {[%clk 0:14:09]} 23.
Qxe5 {[%clk 0:16:54]} Bd6 {[%clk 0:14:13]} 24. Rxf6 {[%clk 0:16:46]} Bxe5
{[%clk 0:11:53]} 25. Rxa6 {[%clk 0:14:47]} bxa6 {[%clk 0:10:05]} 26. Ba5 {[%clk
0:14:31]} Rf8 {[%clk 0:01:57]} 27. d5 {[%clk 0:13:50]} Bd4 {[%clk 0:00:51]} 28.
f3 {[%clk 0:11:01]} f5 {[%clk 0:00:35]} 29. Ne2 {[%clk 0:09:24]} 1/2-1/2

[Event "Deutsche Ländermeisterschaft 2019"]
[Site "Würzburg GER"]
[Date "2019.10.05"]
[Round "6"]
[White "Knüdel, Torben"]
[Black "Kölle, Tobias"]
[Result "0-1"]
[Termination "normal"]
[Board "5.2"]
[WhiteElo "2193"]
[BlackElo "2275"]
[WhiteClock "00:04:17"]
[BlackClock "00:20:21"]
[WhiteTeam "Niedersachsen"]
[BlackTeam "Württemberg"]
[PlyCount "86"]
[WhiteFideId "16208820"]
[BlackFideId "16207378"]
[EventCountry "GER"]
[EventRounds "7"]
[EventType "team-swiss"]
[EventDate "2019.10.01"]

1. e4 {[%clk 1:30:59]} e5 {[%clk 1:30:55]} 2. Nf3 {[%clk 1:31:26]} Nc6 {[%clk
1:31:21]} 3. Bb5 {[%clk 1:31:53]} a6 {[%clk 1:31:46]} 4. Ba4 {[%clk 1:32:21]}
Nf6 {[%clk 1:32:11]} 5. O-O {[%clk 1:32:47]} Nxe4 {[%clk 1:32:28]} 6. d4 {[%clk
1:33:04]} b5 {[%clk 1:32:53]} 7. Bb3 {[%clk 1:33:31]} d5 {[%clk 1:33:19]} 8.
dxe5 {[%clk 1:33:52]} Be6 {[%clk 1:33:44]} 9. Nbd2 {[%clk 1:34:15]} Be7 {[%clk
1:23:17]} 10. c3 {[%clk 1:33:18]} O-O {[%clk 1:23:35]} 11. Bc2 {[%clk 1:31:30]}
f5 {[%clk 1:19:07]} 12. Nb3 {[%clk 1:23:45]} Qd7 {[%clk 1:19:17]} 13. Nbd4
{[%clk 1:23:29]} Nd8 {[%clk 1:19:02]} 14. Nxe6 {[%clk 1:20:40]} Nxe6 {[%clk
1:19:08]} 15. Nd4 {[%clk 1:17:25]} Nxd4 {[%clk 1:13:33]} 16. cxd4 {[%clk
1:16:44]} Rad8 {[%clk 1:09:13]} 17. f3 {[%clk 1:10:00]} Ng5 {[%clk 1:09:31]}
18. Bxg5 Bxg5 {[%clk 1:09:52]} 19. Qd3 {[%clk 1:07:49]} g6 {[%clk 1:05:42]} 20.
f4 {[%clk 1:08:00]} Be7 {[%clk 1:05:55]} 21. Bb3 {[%clk 1:02:29]} Rc8 {[%clk
0:56:58]} 22. Rac1 {[%clk 0:58:58]} c6 {[%clk 0:55:57]} 23. Qf3 {[%clk
0:55:22]} Kg7 {[%clk 0:53:18]} 24. Qc3 {[%clk 0:42:31]} Qa7 {[%clk 0:51:14]}
25. Rfd1 {[%clk 0:40:21]} Rfd8 {[%clk 0:49:35]} 26. Kh1 {[%clk 0:38:53]} Rc7
{[%clk 0:43:52]} 27. a4 {[%clk 0:35:59]} Rdc8 {[%clk 0:41:28]} 28. Qa5 {[%clk
0:33:17]} b4 {[%clk 0:39:26]} 29. g3 {[%clk 0:30:01]} Qb7 {[%clk 0:38:36]} 30.
Rc2 {[%clk 0:13:56]} c5 {[%clk 0:35:08]} 31. dxc5 {[%clk 0:14:20]} Rxc5 {[%clk
0:32:53]} 32. Rdc1 {[%clk 0:13:45]} Rxa5 {[%clk 0:31:24]} 33. Rxc8 {[%clk
0:14:12]} Qb6 {[%clk 0:22:22]} 34. R8c7 {[%clk 0:12:49]} Kf8 {[%clk 0:19:54]}
35. R1c6 {[%clk 0:03:29]} Qf2 {[%clk 0:19:32]} 36. h4 {[%clk 0:03:49]} Rc5
{[%clk 0:18:08]} 37. Rc8+ {[%clk 0:02:58]} Kg7 {[%clk 0:18:22]} 38. R6c7 {[%clk
0:02:35]} Rxc7 {[%clk 0:18:39]} 39. Rxc7 {[%clk 0:02:58]} Qf3+ {[%clk 0:18:54]}
40. Kh2 {[%clk 0:03:23]} Qxb3 {[%clk 0:19:19]} 41. Rxe7+ {[%clk 0:03:50]} Kf8
{[%clk 0:19:39]} 42. Rxh7 {[%clk 0:03:50]} Qxb2+ {[%clk 0:20:02]} 43. Kh3
{[%clk 0:04:17]} Qc1 {[%clk 0:20:21]} 0-1

[Event "Deutsche Ländermeisterschaft 2019"]
[Site "Würzburg GER"]
[Date "2019.10.05"]
[Round "6"]
[White "Richter, Nils"]
[Black "Stelmaszyk, Nico"]
[Result "1/2-1/2"]
[Termination "normal"]
[Board "5.3"]
[WhiteElo "2238"]
[BlackElo "2190"]
[WhiteClock "00:13:50"]
[BlackClock "00:17:25"]
[WhiteTeam "Württemberg"]
[BlackTeam "Niedersachsen"]
[PlyCount "101"]
[WhiteFideId "12990809"]
[BlackFideId "16200462"]
[EventCountry "GER"]
[EventRounds "7"]
[EventType "team-swiss"]
[EventDate "2019.10.01"]

1. e4 {[%clk 1:30:58]} e5 {[%clk 1:30:55]} 2. Nf3 {[%clk 1:31:18]} Nc6 {[%clk
1:31:20]} 3. Bb5 {[%clk 1:31:43]} a6 {[%clk 1:31:45]} 4. Ba4 {[%clk 1:32:06]}
b5 {[%clk 1:32:05]} 5. Bb3 {[%clk 1:32:29]} g6 {[%clk 1:32:31]} 6. d4 {[%clk
1:32:00]} exd4 {[%clk 1:32:55]} 7. Nxd4 {[%clk 1:31:46]} Na5 {[%clk 1:33:20]}
8. O-O {[%clk 1:24:18]} Bg7 {[%clk 1:33:29]} 9. Nc3 {[%clk 1:22:34]} Ne7 {[%clk
1:28:35]} 10. Nf3 {[%clk 1:11:27]} O-O {[%clk 1:27:35]} 11. Nd5 {[%clk
1:08:07]} Nxd5 12. exd5 {[%clk 1:06:59]} c5 {[%clk 1:04:21]} 13. c3 {[%clk
0:58:30]} Nxb3 {[%clk 0:59:15]} 14. axb3 {[%clk 0:58:44]} d6 {[%clk 0:59:21]}
15. Re1 {[%clk 0:50:45]} h6 {[%clk 0:53:37]} 16. b4 {[%clk 0:41:21]} Bg4 {[%clk
0:48:31]} 17. bxc5 {[%clk 0:38:47]} dxc5 {[%clk 0:48:42]} 18. h3 {[%clk
0:38:42]} Bf5 {[%clk 0:46:25]} 19. Ne5 {[%clk 0:30:22]} Re8 {[%clk 0:42:33]}
20. Nc6 {[%clk 0:29:39]} Rxe1+ {[%clk 0:38:21]} 21. Qxe1 {[%clk 0:30:08]} Qe8
{[%clk 0:38:33]} 22. Be3 {[%clk 0:27:54]} Bd7 {[%clk 0:36:42]} 23. Na5 {[%clk
0:25:55]} Qe5 {[%clk 0:32:39]} 24. Qd2 {[%clk 0:25:54]} Bf8 {[%clk 0:18:45]}
25. Bf4 {[%clk 0:25:10]} Qf5 {[%clk 0:17:43]} 26. Nb7 {[%clk 0:19:10]} Bc8
{[%clk 0:15:59]} 27. Na5 {[%clk 0:17:30]} Ra7 {[%clk 0:12:10]} 28. Rd1 {[%clk
0:15:38]} Rd7 {[%clk 0:10:51]} 29. c4 {[%clk 0:14:45]} bxc4 {[%clk 0:10:48]}
30. Nxc4 {[%clk 0:14:56]} Rxd5 {[%clk 0:01:21]} 31. Qxd5 {[%clk 0:15:03]} Qxf4
{[%clk 0:01:44]} 32. Nd6 {[%clk 0:12:26]} Be6 {[%clk 0:01:15]} 33. Qxc5 {[%clk
0:11:01]} Bg7 {[%clk 0:01:33]} 34. Qc1 {[%clk 0:03:40]} Qb4 {[%clk 0:01:14]}
35. Qd2 {[%clk 0:02:59]} Qxb2 {[%clk 0:01:23]} 36. Qxb2 {[%clk 0:03:10]} Bxb2
{[%clk 0:01:51]} 37. Nb7 {[%clk 0:02:19]} Kg7 {[%clk 0:00:51]} 38. Nc5 {[%clk
0:02:24]} Bc4 {[%clk 0:01:16]} 39. Rb1 {[%clk 0:02:26]} Bf6 {[%clk 0:00:44]}
40. Rb8 {[%clk 0:00:54]} Be7 {[%clk 0:00:33]} 41. Nb3 {[%clk 0:21:50]} h5
{[%clk 0:23:32]} 42. g3 {[%clk 0:19:17]} Kf6 {[%clk 0:21:24]} 43. Rb6+ {[%clk
0:18:41]} Kg7 {[%clk 0:19:07]} 44. f4 {[%clk 0:15:30]} a5 {[%clk 0:16:39]} 45.
Nxa5 {[%clk 0:11:43]} Bc5+ {[%clk 0:17:02]} 46. Kh2 {[%clk 0:12:11]} Bxb6
{[%clk 0:17:20]} 47. Nxc4 {[%clk 0:12:39]} Bc7 {[%clk 0:17:19]} 48. Ne3 {[%clk
0:12:53]} h4 {[%clk 0:16:39]} 49. Nd5 {[%clk 0:13:09]} hxg3+ {[%clk 0:17:05]}
50. Kxg3 {[%clk 0:13:38]} Bd6 {[%clk 0:17:25]} 51. Kf3 {[%clk 0:13:50]} 1/2-1/2

[Event "Deutsche Ländermeisterschaft 2019"]
[Site "Würzburg GER"]
[Date "2019.10.05"]
[Round "6"]
[White "Hommer, Jeremy"]
[Black "Deuer, Marius"]
[Result "1/2-1/2"]
[Termination "normal"]
[Board "5.4"]
[WhiteElo "2133"]
[BlackElo "2024"]
[WhiteClock "00:01:20"]
[BlackClock "00:17:37"]
[WhiteTeam "Niedersachsen"]
[BlackTeam "Württemberg"]
[PlyCount "74"]
[WhiteFideId "12992577"]
[BlackFideId "16236432"]
[EventCountry "GER"]
[EventRounds "7"]
[EventType "team-swiss"]
[EventDate "2019.10.01"]

1. e4 {[%clk 1:30:52]} e5 {[%clk 1:30:54]} 2. Nf3 {[%clk 1:31:14]} Nc6 {[%clk
1:31:19]} 3. Bc4 {[%clk 1:31:39]} Nf6 {[%clk 1:31:46]} 4. d3 {[%clk 1:32:02]}
Be7 {[%clk 1:32:10]} 5. O-O {[%clk 1:24:47]} O-O {[%clk 1:32:25]} 6. Re1 {[%clk
1:25:13]} d6 {[%clk 1:32:46]} 7. a4 {[%clk 1:22:00]} Na5 {[%clk 1:32:42]} 8.
Ba2 {[%clk 1:19:23]} c5 {[%clk 1:32:52]} 9. c3 {[%clk 1:19:32]} Nc6 {[%clk
1:32:49]} 10. h3 {[%clk 1:19:01]} h6 {[%clk 1:30:44]} 11. d4 {[%clk 1:10:31]}
cxd4 {[%clk 1:22:40]} 12. cxd4 {[%clk 1:10:52]} exd4 {[%clk 1:21:24]} 13. Nxd4
{[%clk 1:10:58]} d5 {[%clk 1:13:20]} 14. Nxc6 {[%clk 0:38:13]} bxc6 {[%clk
1:13:37]} 15. exd5 {[%clk 0:38:24]} Nxd5 {[%clk 1:06:25]} 16. Bxd5 {[%clk
0:32:45]} cxd5 {[%clk 1:06:41]} 17. Be3 {[%clk 0:31:01]} f5 {[%clk 0:59:55]}
18. Nc3 {[%clk 0:29:31]} Bb7 {[%clk 0:57:14]} 19. Bd4 {[%clk 0:28:02]} f4
{[%clk 0:52:50]} 20. Qg4 {[%clk 0:23:18]} Rf7 {[%clk 0:50:40]} 21. Rad1 {[%clk
0:22:52]} f3 {[%clk 0:49:26]} 22. g3 {[%clk 0:21:23]} Bc8 {[%clk 0:47:10]} 23.
Qh5 {[%clk 0:20:27]} Rf5 {[%clk 0:46:13]} 24. Qg6 {[%clk 0:19:38]} Rg5 {[%clk
0:45:46]} 25. Qc6 {[%clk 0:18:27]} Bxh3 {[%clk 0:42:34]} 26. Rxe7 {[%clk
0:08:36]} Qxe7 {[%clk 0:35:09]} 27. Qxa8+ {[%clk 0:09:04]} Kh7 {[%clk 0:35:21]}
28. Nxd5 {[%clk 0:09:17]} Qe2 {[%clk 0:35:14]} 29. Nc3 {[%clk 0:08:06]} Rxg3+
{[%clk 0:33:51]} 30. Kh2 {[%clk 0:05:40]} Rg2+ {[%clk 0:32:28]} 31. Kh1 {[%clk
0:06:09]} Rg4 {[%clk 0:31:45]} 32. Nxe2 {[%clk 0:05:37]} Bg2+ {[%clk 0:32:10]}
33. Kh2 {[%clk 0:06:05]} fxe2 {[%clk 0:32:37]} 34. Rg1 {[%clk 0:03:37]} e1=Q
{[%clk 0:30:34]} 35. Rxe1 {[%clk 0:01:35]} Bxa8 {[%clk 0:30:57]} 36. Bxa7
{[%clk 0:01:08]} Rxa4 {[%clk 0:19:12]} 37. Bc5 {[%clk 0:01:20]} Rg4 {[%clk
0:17:37]} 1/2-1/2

[Event "Deutsche Ländermeisterschaft 2019"]
[Site "Würzburg GER"]
[Date "2019.10.05"]
[Round "6"]
[White "Kobald, Jacqueline"]
[Black "Mönster, Madita"]
[Result "0-1"]
[Termination "normal"]
[Board "5.5"]
[WhiteElo "1885"]
[BlackElo "2004"]
[WhiteClock "00:00:34"]
[BlackClock "00:01:54"]
[WhiteTeam "Württemberg"]
[BlackTeam "Niedersachsen"]
[PlyCount "112"]
[WhiteFideId "12988162"]
[BlackFideId "12947156"]
[EventCountry "GER"]
[EventRounds "7"]
[EventType "team-swiss"]
[EventDate "2019.10.01"]

1. e4 {[%clk 1:30:57]} c5 {[%clk 1:30:51]} 2. Nf3 {[%clk 1:31:22]} Nc6 {[%clk
1:31:07]} 3. d4 {[%clk 1:31:31]} cxd4 {[%clk 1:31:32]} 4. Nxd4 {[%clk 1:31:56]}
Nf6 {[%clk 1:31:53]} 5. Nc3 {[%clk 1:32:09]} d6 {[%clk 1:32:16]} 6. Bg5 {[%clk
1:27:57]} Bd7 {[%clk 1:32:28]} 7. f4 {[%clk 1:24:38]} Qa5 {[%clk 1:29:43]} 8.
Nb3 {[%clk 1:15:34]} Qb6 {[%clk 1:22:13]} 9. Qd2 {[%clk 1:07:34]} Rc8 {[%clk
1:15:13]} 10. O-O-O {[%clk 1:01:51]} Nb4 {[%clk 1:06:02]} 11. Bd3 {[%clk
0:45:06]} Ng4 {[%clk 0:54:53]} 12. Bh4 {[%clk 0:39:51]} a5 {[%clk 0:53:36]} 13.
Nd5 {[%clk 0:36:39]} Nxd5 {[%clk 0:51:10]} 14. exd5 {[%clk 0:37:03]} a4 {[%clk
0:49:28]} 15. Na1 {[%clk 0:29:53]} a3 {[%clk 0:41:23]} 16. bxa3 {[%clk
0:28:27]} Qd4 {[%clk 0:37:28]} 17. Nb3 {[%clk 0:26:54]} Qxd5 {[%clk 0:36:59]}
18. Rde1 {[%clk 0:19:35]} Nf6 {[%clk 0:28:24]} 19. h3 {[%clk 0:16:07]} Qc6
{[%clk 0:21:53]} 20. g4 {[%clk 0:15:05]} Qa4 {[%clk 0:20:39]} 21. Qb4 {[%clk
0:13:52]} Nd5 {[%clk 0:19:40]} 22. Qxa4 {[%clk 0:13:58]} Bxa4 {[%clk 0:20:04]}
23. f5 {[%clk 0:12:52]} Nf4 {[%clk 0:15:43]} 24. Kd2 {[%clk 0:09:58]} Ng2
{[%clk 0:15:13]} 25. Bg3 {[%clk 0:09:04]} Nxe1 {[%clk 0:15:28]} 26. Rxe1 {[%clk
0:09:29]} Kd7 {[%clk 0:15:17]} 27. Na5 {[%clk 0:09:00]} Rc7 {[%clk 0:13:27]}
28. Nc4 {[%clk 0:07:08]} Bc6 {[%clk 0:12:21]} 29. Nb6+ {[%clk 0:05:50]} Kd8
{[%clk 0:12:14]} 30. c4 {[%clk 0:04:24]} Bg2 {[%clk 0:06:38]} 31. Nd5 {[%clk
0:02:53]} Rc8 {[%clk 0:04:36]} 32. h4 {[%clk 0:02:27]} g6 {[%clk 0:02:26]} 33.
Rb1 {[%clk 0:01:29]} e6 {[%clk 0:01:15]} 34. fxe6 {[%clk 0:01:35]} fxe6 {[%clk
0:01:40]} 35. Nf4 {[%clk 0:01:55]} Bc6 {[%clk 0:01:37]} 36. Nxe6+ {[%clk
0:02:12]} Kd7 {[%clk 0:01:47]} 37. Nd4 {[%clk 0:01:44]} Bg2 {[%clk 0:01:05]}
38. Nb5 {[%clk 0:00:58]} Be7 {[%clk 0:01:02]} 39. g5 {[%clk 0:00:51]} Rhf8
{[%clk 0:01:02]} 40. Be2 {[%clk 0:00:46]} Be4 {[%clk 0:01:03]} 41. Re1 {[%clk
0:22:08]} Bf5 {[%clk 0:27:11]} 42. Rd1 {[%clk 0:17:37]} Be6 {[%clk 0:23:37]}
43. Rc1 {[%clk 0:13:27]} d5 {[%clk 0:11:39]} 44. Nd4 {[%clk 0:09:51]} Bf5
{[%clk 0:08:23]} 45. Nxf5 {[%clk 0:09:28]} gxf5 {[%clk 0:08:40]} 46. Bf4 {[%clk
0:08:33]} dxc4 {[%clk 0:07:18]} 47. Rxc4 {[%clk 0:07:41]} Rxc4 {[%clk 0:05:53]}
48. Bxc4 {[%clk 0:08:05]} Bxa3 {[%clk 0:06:07]} 49. h5 {[%clk 0:06:32]} Bc1+
{[%clk 0:04:58]} 50. Kxc1 {[%clk 0:06:16]} Rc8 {[%clk 0:05:24]} 51. Kd2 {[%clk
0:04:49]} Rxc4 {[%clk 0:05:49]} 52. Ke3 {[%clk 0:03:48]} Ra4 {[%clk 0:04:25]}
53. g6 {[%clk 0:02:18]} hxg6 {[%clk 0:04:49]} 54. h6 {[%clk 0:02:22]} Ra3+
{[%clk 0:03:53]} 55. Kd4 {[%clk 0:01:51]} Ke6 56. Bg5 {[%clk 0:00:34]} Rxa2
{[%clk 0:01:54]} 0-1